Loading...
| History - World | 1 | 3 | 1 | 0 | 40 | 48 | 77.00 | 1 | 4 | 16.11 | 25.00 |
| Beliefs | 0 | 3 | 1 | 2 | 25 | 121 | 134.00 | 0 | 2 | 0.27 | 5.36 |
| Science - Biology | 0 | 2 | 0 | 1 | 20 | 120 | 122.50 | 0 | 2 | 1.00 | 10.00 |
| Science - Physics | 0 | 1 | 0 | 0 | 10 | 74 | 74.00 | 0 | 1 | 4.31 | 5.00 |
| Other Academic | 0 | 1 | 0 | 0 | 10 | 102 | 102.00 | 0 | 0 | 8.33 | 8.33 |
| Geography | 1 | 0 | 1 | 0 | 10 | 35 | 35.00 | 0 | 1 | 18.84 | 12.50 |
| History - American | 0 | 3 | 4 | 2 | 10 | 115 | 121.00 | 0 | 3 | 0.48 | 7.50 |
| History - European | 0 | 1 | 1 | 0 | 5 | 72 | 72.00 | 0 | 1 | 4.05 | 5.00 |
| History - Ancient | 0 | 1 | 1 | 0 | 5 | 126 | 126.00 | 0 | 0 | 0.16 | 5.00 |
| Social Science | 0 | 0 | 0 | 0 | 0 | 0.00 | 0 | 0 | 0.00 | 0.00 | |
| Auditory Arts | 0 | 0 | 0 | 0 | 0 | 0.00 | 0 | 0 | 0.00 | 0.00 | |
| Science - Chemistry | 0 | 0 | 1 | 0 | -5 | 0.00 | 0 | 0 | 0.00 | 0.00 | |
| Philosophy | 0 | 0 | 1 | 0 | -5 | 0.00 | 0 | 0 | 0.00 | 0.00 | |
| History - Other | 0 | 0 | 2 | 0 | -10 | 0.00 | 0 | 0 | 0.00 | 0.00 |